| 000 | 01295nam a2200349Ia 4500 | ||
|---|---|---|---|
| 001 | ebr10256814 | ||
| 003 | CaPaEBR | ||
| 006 | m u | ||
| 007 | cr cn||||||||| | ||
| 008 | 010216s2001 enk sb 001 0 eng d | ||
| 020 | _z9780761952329 | ||
| 020 | _z0761952322 | ||
| 020 | _z0761952330 | ||
| 040 |
_aCaPaEBR _cCaPaEBR |
||
| 035 | _a(OCoLC)654745041 | ||
| 050 | 1 | 4 |
_aHM1276 _b.W75 2001eb |
| 100 | 1 | _aWright, Will. | |
| 245 | 1 | 4 |
_aThe Wild West _h[electronic resource] : _bthe mythical cowboy and social theory / _cWill Wright. |
| 260 |
_aLondon ; _aThousand Oaks, Ca. : _bSAGE, _c2001. |
||
| 300 | _a205 p. | ||
| 490 | 1 | _aCore cultural icons | |
| 504 | _aIncludes bibliographical references (p. [194]-197) and indexes. | ||
| 533 |
_aElectronic reproduction. _bPalo Alto, Calif. : _cebrary, _d2011. _nAvailable via World Wide Web. _nAccess may be limited to ebrary affiliated libraries. |
||
| 650 | 0 | _aIndividualism. | |
| 650 | 0 | _aSocial contract. | |
| 650 | 0 |
_aIndividualism _zWest (U.S.) |
|
| 650 | 0 |
_aCivil society _zWest (U.S.) |
|
| 655 | 7 |
_aElectronic books. _2local |
|
| 710 | 2 | _aebrary, Inc. | |
| 830 | 0 | _aCore cultural icons. | |
| 856 | 4 | 0 |
_uhttp://site.ebrary.com/lib/rucke/Doc?id=10256814 _zAn electronic book accessible through the World Wide Web; click to view |
| 999 |
_c31436 _d31435 |
||